00429nam a2200133Ia 4500003000400000008004100004040001600045082001600061100003500077245010900112260005100221300001000272650001300282GCL140319s9999 xx 000 0 eng d aGCL / cGCL04a363.24bM G1 aMACZIALA SARAH JONES WITH GREG10aGETTING AHEAD COMMUINCATION SKILLS FOR BUSINESS ENGLISH , LEAMER BOOK / cMACZIALA SARAH JONES WITH GREG a[S.N] : bCOMBRIDGE UNIVERSITY PRESS ، c1993 a136 P04aLEARNING